<?xml version="1.0" encoding="UTF-8"?>
<record
    xmlns:xsi="http://www.w3.org/2001/XMLSchema-instance"
    xsi:schemaLocation="http://www.loc.gov/MARC21/slim http://www.loc.gov/standards/marcxml/schema/MARC21slim.xsd"
    xmlns="http://www.loc.gov/MARC21/slim">

  <leader>00766nam a2200241 a 4500</leader>
  <controlfield tag="005">20141203134625.0</controlfield>
  <controlfield tag="008">140312b1997    ck ||||| |||| 00| 0 spa d</controlfield>
  <datafield tag="020" ind1=" " ind2=" ">
    <subfield code="a">9589477151</subfield>
  </datafield>
  <datafield tag="040" ind1=" " ind2=" ">
    <subfield code="a">CO-BoIH</subfield>
    <subfield code="c">CO-BoIH</subfield>
  </datafield>
  <datafield tag="041" ind1=" " ind2=" ">
    <subfield code="a">spa</subfield>
  </datafield>
  <datafield tag="044" ind1=" " ind2=" ">
    <subfield code="a">ck</subfield>
  </datafield>
  <datafield tag="082" ind1="0" ind2="4">
    <subfield code="a">011.8619</subfield>
    <subfield code="b">C82b</subfield>
  </datafield>
  <datafield tag="110" ind1="2" ind2=" ">
    <subfield code="b">Corpes Orinoquia</subfield>
    <subfield code="9">6860</subfield>
  </datafield>
  <datafield tag="245" ind1="1" ind2="0">
    <subfield code="a">Bibliograf&#xED;a sobre la Orinoquia colombiana</subfield>
  </datafield>
  <datafield tag="260" ind1=" " ind2=" ">
    <subfield code="a">Villavicencio :</subfield>
    <subfield code="b">Corpes Orinoquia,</subfield>
    <subfield code="c">1997.</subfield>
  </datafield>
  <datafield tag="300" ind1=" " ind2=" ">
    <subfield code="a">141 p.</subfield>
    <subfield code="c">24 cm.</subfield>
  </datafield>
  <datafield tag="650" ind1="0" ind2="6">
    <subfield code="a">Bibliograf&#xED;as</subfield>
    <subfield code="z">Orinoquia (Regi&#xF3;n, Colombia)</subfield>
    <subfield code="9">29593</subfield>
  </datafield>
  <datafield tag="650" ind1="0" ind2="6">
    <subfield code="a">Libros</subfield>
    <subfield code="x">Bibliograf&#xED;as</subfield>
    <subfield code="z">Orinoquia (Regi&#xF3;n, Colombia)</subfield>
    <subfield code="9">29594</subfield>
  </datafield>
  <datafield tag="650" ind1="0" ind2="6">
    <subfield code="a">Cat&#xE1;logos generales</subfield>
    <subfield code="x">Bibliograf&#xED;as</subfield>
    <subfield code="9">29595</subfield>
  </datafield>
  <datafield tag="700" ind1="1" ind2=" ">
    <subfield code="a">L&#xF3;pez-Perilla, Carmi&#xF1;a</subfield>
    <subfield code="e">ed.</subfield>
    <subfield code="9">29596</subfield>
  </datafield>
  <datafield tag="942" ind1=" " ind2=" ">
    <subfield code="c">LIBRO</subfield>
    <subfield code="2">ddc</subfield>
  </datafield>
  <datafield tag="945" ind1=" " ind2=" ">
    <subfield code="d">2004-02-02</subfield>
  </datafield>
  <datafield tag="999" ind1=" " ind2=" ">
    <subfield code="c">3653</subfield>
    <subfield code="d">3653</subfield>
  </datafield>
  <datafield tag="952" ind1=" " ind2=" ">
    <subfield code="0">0</subfield>
    <subfield code="1">0</subfield>
    <subfield code="2">ddc</subfield>
    <subfield code="4">0</subfield>
    <subfield code="7">0</subfield>
    <subfield code="8">GENERAL</subfield>
    <subfield code="I">INV2017</subfield>
    <subfield code="a">Bogota</subfield>
    <subfield code="b">Bogota</subfield>
    <subfield code="d">2004-02-02</subfield>
    <subfield code="e">Instituto</subfield>
    <subfield code="g">39000.00</subfield>
    <subfield code="l">0</subfield>
    <subfield code="o">LB-011.8619 C82b</subfield>
    <subfield code="p">015385</subfield>
    <subfield code="r">2012-12-04 00:00:00</subfield>
    <subfield code="t">Ej. 1</subfield>
    <subfield code="w">2012-12-04</subfield>
    <subfield code="x">Donaci&#xF3;n</subfield>
    <subfield code="y">LIBRO</subfield>
  </datafield>
</record>
